00583nam a2200193Ia 4500008004100000020001500041082001400056100002000070245003200090250000800122260003600130300002400166500001900190600002700209650001500236942000700251952011600258999001500374240925s9999 xx 000 0 und d a9812530606 a629.8 NIS aNise, Norman S. 0aControl Systems Engineering a4th aNew York:bMc Graw HIllc,2004. a258p.bnafOriginal aIncludes Index aElectronic Engineering aTechnology cBK 001040708ELaUITUbUITUd2007-08-21eF.B.Cg589.00l0o629.8 NISpQ7148r2024-09-25 07:14:30w2024-09-25yBK c9647d9647